Reconnaitrez-vous ces chauteurs/euses grâce à leur photo ? #2 - Statistiques

Statistiques générales
  • Ce quiz a été pris 87 fois
  • Le résultat moyen est 14 sur 25
Statistiques - réponses
Par images Réponse % Correct
Ed Sheeran
92%
Black M
91%
Julien Doré
88%
Vanessa Paradis
87%
Johnny Hallyday
86%
Mylène Farmer
82%
Rihanna
82%
Florent Pagny
79%
Claudio Capéo
76%
Bruno Mars
75%
M
75%
Julien Clerc
74%
Pierre Garnier
68%
Vitaa
68%
Nicki Minaj
62%
France Gall
47%
Juliette Armanet
46%
Naps
46%
Adam Levine
34%
Jessie J
25%
Rosalia
19%
Lisa
13%
Kelly Clarkson
12%
Dolores O'Riordan
7%
Daddy Yankee
6%
Aucun quiz correspondant
Distribution des résultats
% des personnes avec chaque résultat
Percentile par nombre de réponses
Votre historique - résultats
Vous n’avez pas pris ce quiz